000 00476nam a2200181Ia 4500
005 20250508161106.0
008 008 250505s9999 xx 000 0 hin d
037 _aTextual
040 _aFEDL
_beng
_cFEDL
041 _ahin
_2hin
084 _a507, MAN
_qFEDL
100 _aMangal S K
245 0 _aSadharan vigyan shikshan
260 _aNew Delhi, India
_bArya Book Depot
_c1977
300 _a221p
942 _cTEXL
_h507, MAN
999 _c1368394
_d1368394